000 00926nam a2200253Ia 4500
003 OSt
005 20221005111509.0
006 a|||||r|||| 00| 0
007 ta
008 221004b |||||||| |||| 00| 0 hin d
020 _c1250
024 _a93392
037 _b493, 19/03/2009, Vani Prakashan
_cTextual
040 _aCRL
_cCRL
_bhin
041 _2hin
_ahin
082 _aO44(Y72)x, 155P6
100 _aशेखावत, अर्जुन सिंह, संपा.
_9163903
245 0 _aभाखर रा भौमिया
246 _aBhākhar rā bhaumiyā
260 _aनई दिल्ली
_bसाहित्य अकादेमी
_c2006
650 _aहिन्दी साहित्य
942 _hO44(Y72)x, 155P6
_cTEXL
_2cc
999 _c1022016
_d1022016